| 000 | 00660nam a2200205 4500 | ||
|---|---|---|---|
| 001 | 149125 | ||
| 003 | ES-MaACL | ||
| 005 | 20230906202947.0 | ||
| 007 | t| | ||
| 008 | 070214s1977 fr r ||||1| fre d | ||
| 100 | 1 |
_aSzabo, Arpad. _9187541 |
|
| 245 | 1 | 4 |
_aLes débuts des mathématiques grecques / _cArpád Szabo ; traduit par Michel Federspiel. |
| 260 |
_aParis : _bJ. Vrin, _c1977. |
||
| 300 |
_a403 p. ; _c21 cm. |
||
| 490 | 1 | _aL'histoire des sciences. Textes et études | |
| 700 | 1 |
_aFederspiel, Michel. _949073 |
|
| 830 | 0 |
_aL'histoire des sciences. Textes et études _9177448 |
|
| 852 |
_aES-MaACL _jL-11192 _bR.112912 |
||
| 999 |
_c149125 _d149125 |
||